|
|
|
|
| LEADER |
00000cam a2200000 a 4500 |
| 001 |
UCJ1108 |
| 003 |
CL-VaPUC |
| 005 |
20240624093401.0 |
| 008 |
060929e20060000SP |||||||||||||||||spa|d |
| 999 |
|
|
|c 317821
|d 317819
|
| 020 |
|
|
|a 8429126317
|
| 040 |
|
|
|c Pontificia Universidad Católica de Valparaíso
|
| 082 |
0 |
4 |
|a 338.5
|b KRU
|2 21
|
| 100 |
|
|
|a Krugman, Paul R
|e autor
|9 601879
|
| 245 |
1 |
0 |
|a Introducción a la economía: microeconomía
|
| 260 |
|
|
|a Barcelona
|b Reverté
|c 2006
|
| 300 |
|
|
|a 537 p
|
| 500 |
|
|
|a www.reverte.com
|
| 583 |
|
|
|a last modification
|c 20130827 06:53:57
|k Rodrigo Vera
|
| 650 |
|
0 |
|a Economía
|9 255568
|
| 650 |
|
0 |
|a Microeconomía
|9 258126
|
| 650 |
|
0 |
|a Oferta y demanda
|9 255571
|
| 650 |
|
0 |
|a Competencia económica
|9 256096
|
| 650 |
|
0 |
|a Consumidores
|9 888651
|x Conducta
|
| 700 |
|
|
|a Wells, Robin
|e autora
|9 501646
|
| 942 |
|
|
|c BK
|2 ddc
|
| 945 |
|
|
|d 20060929 00:00:00
|a jtorresc
|
| 952 |
|
|
|0 0
|1 0
|4 0
|6 338_500000000000000_KRU_2006
|7 0
|8 R
|9 394791
|a BIBENE
|b BIBENE
|d 2019-11-22
|i 4281381
|o 338.5 KRU 2006
|p 4281381
|r 2025-01-15
|w 2019-11-22
|y BK_R
|k ICO
|
| 952 |
|
|
|0 0
|1 0
|4 0
|6 338_500000000000000_KRU_2006
|7 0
|8 R
|9 394792
|a BIBENE
|b BIBENE
|d 2019-11-22
|i 428139K
|o 338.5 KRU 2006
|p 428139K
|r 2025-01-15
|w 2019-11-22
|y BK_R
|k ICO
|
| 952 |
|
|
|0 0
|1 0
|4 0
|6 338_500000000000000_KRU_2006
|7 0
|8 R
|9 394793
|a BIBENE
|b BIBENE
|d 2019-11-22
|i 4281403
|l 2
|o 338.5 KRU 2006
|p 4281403
|q 2021-12-15
|r 2021-10-26
|s 2021-10-26
|w 2019-11-22
|y BK_R
|k ICO
|
| 952 |
|
|
|0 0
|1 0
|2 ddc
|3 erb
|4 0
|6 338_500000000000000_KRU_2006
|7 0
|8 R
|9 394794
|a BIBENE
|b BIBENE
|c RES
|d 2019-11-22
|i 5004721
|l 9
|o 338.5 KRU 2006
|p 5004721
|r 2025-05-09
|s 2025-05-08
|w 2019-11-22
|y BK_R
|z Catalogado en:20130829
|k ICO
|
| 952 |
|
|
|0 0
|1 0
|2 ddc
|3 erb
|4 0
|6 338_500000000000000_KRU_2006
|7 0
|8 R
|9 394795
|a BIBENE
|b BIBENE
|c RES
|d 2019-11-22
|i 500473K
|l 4
|o 338.5 KRU 2006
|p 500473K
|q 2025-05-12
|r 2025-05-08
|s 2025-05-08
|w 2019-11-22
|y BK_R
|z Catalogado en:20130829
|k ICO
|